| 000 | 00809 a2200241 4500 | ||
|---|---|---|---|
| 003 | Nust | ||
| 005 | 20230807114034.0 | ||
| 010 | _a 92032857 | ||
| 020 | _a0890066736 | ||
| 040 | _cNust | ||
| 082 | 0 | 0 | _a621.3848,BAR |
| 100 | 1 |
_aBarton, David Knox, _9114011 |
|
| 245 | 1 | 0 |
_aModern radar system analysis software / _cD.K. Barton and W.F. Barton. |
| 250 | _aVersion 2.0. | ||
| 256 | _aComputer program. | ||
| 260 |
_aBoston : _bArtech House, _cc1992. |
||
| 300 |
_a210p _c5 1/4 in. + _e1 user's manual (210 p.) |
||
| 505 | _aIntroduction (Page-1), Getting Started (Page-5), The Models Programming (Page-71), The Analysis Program (Page-127). | ||
| 650 | 0 |
_aRadar _xSoftware. _9114012 |
|
| 651 |
_a(Include Floppy Disk) _993875 |
||
| 700 | 1 |
_aBarton, William F. _9114013 |
|
| 942 |
_2ddc _cBK _k621.3848,BAR |
||
| 999 |
_c183693 _d183693 |
||